[Event "Bad Woerishofen op"]
[Site "Bad Woerishofen"]
[Date "2001.??.??"]
[Round "7"]
[White "Gerhards, Walter"]
[Black "Klein, Thomas"]
[Result "1-0"]
[WhiteElo "1900"]
[BlackElo "1496"]
[Annotator "ChessOrg"]
[PlyCount "49"]
[EventDate "1998.03.05"]
[Source "ChessBase"]
[SourceDate "1998.04.29"]

1. e4 {C88: Spanische Partie (Geschlossenes System)} 1... e5 2. Nf3 Nc6 3. Bb5
a6 4. Ba4 Nf6 5. O-O Be7 6. Re1 b5 7. Bb3 O-O 8. a4 Bb7 9. Nc3 b4 10. Nd5 d6
11. a5 Rb8 12. d3 12... Nxd5 {letzter Buchzug} 13. Bxd5 (13. exd5 Na7 14. d4
exd4 15. Qxd4 15... c5 $14) 13... Na7 14. Bc4 (14. Bxb7 Rxb7 15. d4 exd4 16.
Qxd4 16... Bf6 $11) 14... c5 $11 15. Be3 Nc6 16. c3 Nxa5 17. Nd2 (17. Bd5 Bxd5
18. exd5 18... Bf6 $11) 17... Nxc4 $17 18. Nxc4 Bc8 (18... bxc3 19. bxc3 f5 20.
exf5 Rxf5 21. Na5 $17) 19. f4 Qc7 20. Qa4 f6 21. Rec1 Rd8 (21... exf4 $5 22.
Bxf4 22... f5 $17) 22. Na5 Bd7 23. Qb3+ Kh8 24. cxb4 24... Rxb4 $4 (24... Rdc8
$15 $142) 25. Qxb4 $1 $18 (25. Qxb4 Bb5 26. Qb3 $18) 1-0

[Event "Bad Woerishofen op"]
[Site "Bad Woerishofen"]
[Date "2001.??.??"]
[Round "9"]
[White "Gerhards, Walter"]
[Black "Hahn, Guenter"]
[Result "0-1"]
[WhiteElo "1900"]
[BlackElo "2172"]
[Annotator "ChessOrg"]
[PlyCount "52"]
[EventDate "1998.03.05"]
[Source "ChessBase"]
[SourceDate "1998.04.29"]

1. e4 {C12: Franzoesische Verteidigung (MacCutcheon-Variante)} 1... e6 2. d4 d5
3. Nc3 Nf6 4. Bg5 Bb4 5. e5 h6 6. Bd2 Bxc3 7. bxc3 Ne4 8. Qg4 g6 9. Nf3 c5 10.
Bd3 Nxd2 11. Bb5+ {letzter Buchzug} 11... Bd7 12. Bxd7+ Nxd7 13. Nxd2 Qa5 14.
Qf3 cxd4 15. cxd4 Rc8 16. Kd1 Rc3 17. Qe2 Qa4 18. Rc1 $2 (18. Nb3 $15 $142)
18... Qxd4 $19 19. Re1 (19. Rb1 Nxe5 (19... Qxe5 $6 20. Qxe5 Nxe5 21. Rxb7 $15)
20. Rxb7 20... O-O $19) 19... O-O 20. h3 Rfc8 (20... Nc5 $5 21. Qg4 Ne4 22.
Rxe4 dxe4 23. Ke1 $19) 21. Qg4 Qxf2 22. Rf1 Qg3 23. Qa4 (23. Nf3 Qxg4 24. hxg4
$19) 23... Nxe5 24. Qxa7 Qxg2 25. Qxb7 R3c7 26. Qb5 (26. Qb2 Nc4 27. Qd4 Nxd2
28. Rf2 $19) 26... Nc4 (26... Nc4 27. Qb4 Ne3+ 28. Ke1 Nxf1 29. Nxf1 Rxc2 30.
Rxc2 30... Rxc2 $19) 0-1

[Event "Bad Woerishofen op"]
[Site "Bad Woerishofen"]
[Date "2001.??.??"]
[Round "2"]
[White "Giddins, Stephen"]
[Black "Wittfoth, Kai-Uwe"]
[Result "0-1"]
[WhiteElo "2290"]
[BlackElo "2141"]
[Annotator "ChessOrg"]
[PlyCount "68"]
[EventDate "1998.03.05"]
[Source "ChessBase"]
[SourceDate "1998.04.29"]

1. Nf3 {D27: Angenommenes Damengambit} 1... d5 2. c4 e6 3. d4 Nf6 4. Nc3 dxc4
5. e3 c5 6. Bxc4 a6 7. a4 Qc7 8. Qe2 Nc6 9. O-O Be7 10. Bd2 {letzter Buchzug}
10... O-O 11. d5 exd5 12. Nxd5 Nxd5 13. Bxd5 Bf6 14. Bc3 Bxc3 15. bxc3 Bg4 16.
Rab1 Rad8 17. Rfd1 Nd4 18. exd4 Rxd5 19. Qe4 Qd7 20. c4 (20. Ne5 Rxe5 21. Qxe5
Bxd1 22. Rxd1 22... Qxa4 $17) 20... Bxf3 $17 21. Qxf3 Rxd4 22. Qb3 h6 23. h3
Rd8 24. Re1 Rd2 25. a5 Qd4 26. Re3 (26. Qf3 Qxc4 27. Rxb7 27... R2d3 $17) 26...
Rd1+ 27. Rxd1 Qxd1+ 28. Kh2 Qxb3 29. Rxb3 Rd7 30. Kg3 Kf8 31. Kf3 Ke7 32. Ke3
Kd8 33. Rb2 Kc7 34. Rb1 Rd6 (34... Rd6 35. g3 35... Rd4 $19) 0-1

[Event "Bad Woerishofen op"]
[Site "Bad Woerishofen"]
[Date "2001.??.??"]
[Round "4"]
[White "Giddins, Stephen"]
[Black "Proksch, Guenter"]
[Result "1-0"]
[WhiteElo "2290"]
[BlackElo "2079"]
[Annotator "ChessOrg"]
[PlyCount "29"]
[EventDate "1998.03.05"]
[Source "ChessBase"]
[SourceDate "1998.04.29"]

1. Nf3 {A35: Englische Eroeffnung (Symmetrische Variante)} 1... c5 2. c4 Nf6 3.
Nc3 Nc6 4. g3 g6 5. d4 cxd4 6. Nxd4 Bg7 7. Nc2 d6 8. Bg2 Be6 9. Nd5 {
letzter Buchzug} 9... Qc8 10. b3 Bxd5 (10... Ne5 11. h3 $11) 11. cxd5 $14 11...
Nxd5 (11... Ne5 12. Bb2 $14) 12. Bxd5 Bxa1 13. Nxa1 Nb4 14. Bb2 Nxd5 (14... Rg8
$5 $16 $142) 15. Bxh8 $18 (15. Bxh8 Nc3 16. Qd2 $18) (15. Qxd5 $6 15... O-O $16
) 1-0

[Event "Bad Woerishofen op"]
[Site "Bad Woerishofen"]
[Date "2001.??.??"]
[Round "6"]
[White "Giddins, Stephen"]
[Black "Schuster, Gerhard"]
[Result "1-0"]
[WhiteElo "2290"]
[BlackElo "2154"]
[Annotator "ChessOrg"]
[PlyCount "66"]
[EventDate "1998.03.05"]
[Source "ChessBase"]
[SourceDate "1998.04.29"]

1. Nf3 {D34: Damengambit (Tarrasch-Verteidigung, Hauptvariante)} 1... Nf6 2. c4
e6 3. g3 d5 4. d4 c5 5. cxd5 exd5 6. Bg2 Nc6 7. O-O Be7 8. Nc3 O-O 9. Bg5 Be6
10. dxc5 Bxc5 11. Bxf6 Qxf6 12. Nxd5 Qxb2 13. Nc7 Rad8 14. Qc1 Qxc1 15. Raxc1
Bb6 16. Nxe6 fxe6 17. Rc4 17... Rd5 {letzter Buchzug} 18. Re4 e5 19. h4 h6 20.
Bh3 Kf7 21. h5 Kf6 22. e3 Rfd8 23. Kg2 Rd1 (23... Rc5 $5 $11 $142) 24. Rxd1 $14
24... Rxd1 25. Bc8 Rd8 26. Bxb7 Na5 27. Ba6 Rd5 28. Bc8 Rc5 29. Bh3 Nc4 30. Rg4
30... Kf7 $4 (30... Bc7 $16 $142) 31. Rxc4 $1 $18 31... Rxc4 (31... Ra5 32. a4
$18) 32. Nxe5+ Kf6 33. Nxc4 Bc7 1-0

[Event "Bad Woerishofen op"]
[Site "Bad Woerishofen"]
[Date "2001.??.??"]
[Round "8"]
[White "Giddins, Stephen"]
[Black "Deues, Erik"]
[Result "1-0"]
[WhiteElo "2290"]
[BlackElo "2130"]
[Annotator "ChessOrg"]
[PlyCount "71"]
[EventDate "1998.03.05"]
[Source "ChessBase"]
[SourceDate "1998.04.29"]

1. Nf3 {E91: Koenigsindisch (Klassisches System)} 1... Nf6 2. c4 g6 3. Nc3 Bg7
4. e4 d6 5. d4 O-O 6. Be2 a5 7. O-O Na6 8. Bf4 8... Nh5 {letzter Buchzug} 9.
Be3 e5 10. Qd2 Re8 11. Rad1 exd4 12. Nxd4 Nf6 13. f3 Nc5 14. Ndb5 Bd7 15. Rfe1
Bxb5 16. cxb5 Ne6 (16... Nfd7 $5 $14) 17. b6 $16 17... c5 18. Qxd6 Qc8 19. Bc4
Bf8 20. Qg3 Nd4 (20... Nh5 21. Qf2 $18) 21. Qf4 (21. Bxd4 $6 21... cxd4 22. Nd5
Nxd5 23. Bxd5 23... Bb4 $16) 21... Bg7 (21... Qc6 22. e5 (22. Bxd4 $6 22...
cxd4 23. Nd5 23... Bg7 $16) 22... Nf5 23. exf6 $18) 22. e5 (22. Bxd4 $6 22...
cxd4 23. Rxd4 23... Re7 $16) 22... g5 23. Qxg5 Nd7 24. f4 24... Nxe5 $2 (24...
Nxb6 25. Bxf7+ Kxf7 26. Rxd4 cxd4 27. Bxd4 27... Re6 $14) 25. fxe5 Rxe5 26. Qf4
Qe8 (26... Qf5 27. Rf1 Qxf4 28. Bxf4 $18 (28. Rxf4 $6 28... Rxe3 29. Rxf7 29...
Kh8 $18)) 27. Bf2 Kh8 (27... Rd8 28. Rxe5 Bxe5 29. Qg5+ Bg7 30. Qxc5 $18) 28.
Qxf7 (28. Bxf7 Qe7 29. Bh4 29... Qd6 $18) 28... Qc6 (28... Qxf7 29. Bxf7 Rf5
30. Be6 $18) 29. Rxe5 Bxe5 30. Re1 Bg7 31. Re7 Qh6 32. Be3 Qg6 33. Qxg6 hxg6
34. Rxb7 Re8 35. Kf2 (35. Bf2 35... Rf8 $18) 35... Rf8+ 36. Rf7 (36. Rf7 Rxf7+
37. Bxf7 $18) 1-0

[Event "Bad Woerishofen op"]
[Site "Bad Woerishofen"]
[Date "2001.??.??"]
[Round "9"]
[White "Giddins, Stephen"]
[Black "Pirrot, Dieter"]
[Result "1/2-1/2"]
[WhiteElo "2290"]
[BlackElo "2445"]
[Annotator "ChessOrg"]
[PlyCount "20"]
[EventDate "1998.03.05"]
[Source "ChessBase"]
[SourceDate "1998.04.29"]

1. Nf3 {C48: Vierspringerspiel (Rubinstein-Variante)} 1... Nc6 2. e4 e5 3. Nc3
Nf6 4. Bb5 Nd4 5. Nxd4 exd4 6. e5 dxc3 7. exf6 Qxf6 8. dxc3 Bc5 9. O-O O-O 10.
Bxd7 10... Rd8 {letzter Buchzug} 1/2-1/2

[Event "Bad Woerishofen op"]
[Site "Bad Woerishofen"]
[Date "2001.??.??"]
[Round "2"]
[White "Glas, Stefan"]
[Black "Reichenbacher, Gerhard"]
[Result "1-0"]
[WhiteElo "2119"]
[BlackElo "1836"]
[Annotator "ChessOrg"]
[PlyCount "59"]
[EventDate "1998.03.05"]
[Source "ChessBase"]
[SourceDate "1998.04.29"]

1. e4 {B66: Sizilianisch (Richter/Rauser-Angriff)} 1... c5 2. Nf3 Nc6 3. d4
cxd4 4. Nxd4 Nf6 5. Nc3 d6 6. Bg5 a6 7. Qd2 e6 8. Bc4 {letzter Buchzug} 8...
Qc7 9. Bb3 Be7 10. O-O-O Nxd4 11. Qxd4 Qc5 12. Qd2 b5 13. f3 Bb7 14. h4 Rc8 15.
Rhe1 (15. Be3 15... Qc6 $11) 15... b4 16. Ne2 O-O 17. Nf4 h6 18. Nd3 Qc7 (18...
Qb5 19. e5 dxe5 20. Rxe5 $16) 19. Be3 (19. Bf4 Nh5 20. Be3 20... Ng3 $11) 19...
a5 (19... d5 $5 20. e5 20... Nd7 $11) 20. g4 $14 20... Nd7 21. g5 Nc5 (21... h5
22. g6 Ne5 23. gxf7+ Kxf7 24. Nxe5+ dxe5 25. Rg1 $14) 22. Nxc5 (22. gxh6 Nxb3+
23. axb3 23... Kh7 $18) 22... dxc5 $16 23. gxh6 c4 24. Qg2 g6 25. Ba4 Bf6 (
25... b3 $142 26. axb3 cxb3 27. Bxb3 27... Kh7 $18) 26. Qg4 (26. h5 Qe5 27. h7+
27... Kg7 $18) 26... Kh7 $2 (26... b3 $142 27. Kb1 bxc2+ 28. Bxc2 28... c3 $16)
27. Rd7 $18 27... Qb8 $4 (27... Qe5 28. Bd4 Qxd4 29. Rxd4 29... Bxd4 $18) 28.
Qxe6 Bg7 (28... Be5 29. f4 $1 29... Bxb2+ 30. Kxb2 c3+ 31. Kb1 Bd5 32. exd5 Rc6
33. dxc6 33... Qe8 $18) 29. hxg7 fxe6 (29... Rg8 30. Qxf7 Bxe4 31. fxe4 31...
Qg3 $18) 30. gxf8=Q# (30. gxf8=R# $6 $11) 1-0

[Event "Bad Woerishofen op"]
[Site "Bad Woerishofen"]
[Date "2001.??.??"]
[Round "5"]
[White "Glas, Stefan"]
[Black "Bischoff, Dieter"]
[Result "0-1"]
[WhiteElo "2119"]
[BlackElo "2222"]
[Annotator "ChessOrg"]
[PlyCount "50"]
[EventDate "1998.03.05"]
[Source "ChessBase"]
[SourceDate "1998.04.29"]

1. e4 {B58: Sizilianisch (Boleslawski-Variante)} 1... c5 2. Nf3 d6 3. d4 cxd4
4. Nxd4 Nf6 5. Nc3 Nc6 6. Be2 e5 7. Nf3 h6 8. Bc4 {letzter Buchzug} 8... Be7 9.
Qe2 O-O 10. h3 Na5 11. Nd5 (11. Bd3 11... Be6 $14) 11... Nxc4 $11 12. Nxe7+ (
12. Qxc4 Nxd5 13. Qxd5 13... Qc7 $11) 12... Qxe7 13. Qxc4 Be6 14. Qe2 Qc7 15.
c3 Qc6 16. Nd2 d5 17. O-O (17. exd5 Bxd5 18. Rg1 18... Bxg2 $15) 17... Nxe4 $17
18. Nxe4 dxe4 19. Qh5 f5 20. b3 Rf6 21. c4 Re8 22. Rd1 Bf7 23. Qe2 f4 24. Ba3 (
24. a3 $5 $17) 24... Rg6 $19 25. Re1 $4 (25. Qc2 $19 $142) 25... Rxg2+ $3 (
25... Rxg2+ 26. Kxg2 f3+ 27. Kh2 fxe2 28. Rxe2 28... Bh5 $19) 0-1

[Event "Bad Woerishofen op"]
[Site "Bad Woerishofen"]
[Date "2001.??.??"]
[Round "7"]
[White "Glas, Stefan"]
[Black "Fabian, Laszlo"]
[Result "1-0"]
[WhiteElo "2119"]
[BlackElo "1800"]
[Annotator "ChessOrg"]
[PlyCount "87"]
[EventDate "1998.03.05"]
[Source "ChessBase"]
[SourceDate "1998.04.29"]

1. e4 {C45: Schottische Partie} 1... e5 2. Nf3 Nc6 3. d4 exd4 4. Nxd4 Bc5 5.
Be3 Bb6 6. Nc3 d6 7. Bc4 {letzter Buchzug} 7... Ne5 8. Be2 c6 9. O-O Nf6 10. h3
h6 11. Qd2 Ba5 12. f3 a6 13. Rad1 Bc7 14. f4 Ng6 15. Qe1 Qe7 16. Bf3 Bd7 17.
Qf2 O-O-O 18. Nf5 (18. Rd3 Ba5 19. Re1 Bxc3 20. Rxc3 20... Rde8 $14) 18... Qf8
(18... Bxf5 19. exf5 Nh4 20. Rfe1 Nxf3+ 21. Qxf3 $11 (21. gxf3 $143 21... Qd7
$19)) 19. Na4 Bxf5 20. exf5 Ne7 21. Bb6 Ned5 (21... Bxb6 22. Nxb6+ Kb8 23. g4
$11) 22. Bxc7 $14 22... Kxc7 23. c4 Ne7 24. Qb6+ Kb8 25. Rfe1 Nc8 26. Qb4 Ka7
27. Re3 27... Rd7 $2 (27... d5 $142 28. Qxf8 Rhxf8 29. cxd5 29... cxd5 $14) 28.
Bxc6 $3 $18 28... Qd8 (28... bxc6 29. Rb3) 29. Bxd7 Qxd7 30. c5 Qc6 (30... d5
$18) 31. cxd6 Rd8 32. Qd4+ Ka8 (32... Kb8 33. Rc3 33... Qb5 $18) 33. Qb4 (33.
Rc3 $142 33... Qe4 34. Nb6+ Nxb6 35. Qxb6 $18) 33... Nd5 (33... Ka7 34. Red3
34... b6 $18) 34. Rxd5 $16 34... Qxd5 35. Rc3 Qd1+ 36. Kh2 36... Kb8 $4 (36...
Nxd6 $142 37. Rc7 g5 38. fxg6 38... fxg6 $18) 37. Nc5 Qd5 38. Nxa6+ Ka7 39. Nc7
Qxa2 40. Ra3+ Qxa3 41. Qxa3+ Kb6 42. Qb4+ (42. Qb3+ $142 42... Kc6 43. Qd5+
43... Kd7 $18) 42... Kc6 43. Qb5+ (43. Qc4+ Kxd6 44. Qxf7 Ne7 45. Nb5+ Kd7 46.
Qe6+ 46... Ke8 $18) 43... Kxd6 44. Qxb7 (44. Qxb7 Ke7 45. Nd5+ Kf8 46. f6 $18)
1-0

[Event "Bad Woerishofen op"]
[Site "Bad Woerishofen"]
[Date "2001.??.??"]
[Round "9"]
[White "Glas, Stefan"]
[Black "Spieker, Hans-Joachim"]
[Result "1-0"]
[WhiteElo "2119"]
[BlackElo "1846"]
[Annotator "ChessOrg"]
[PlyCount "125"]
[EventDate "1998.03.05"]
[Source "ChessBase"]
[SourceDate "1998.04.29"]

1. e4 {B72: Sizilianisch (Drachen-Variante)} 1... c5 2. Nf3 d6 3. d4 cxd4 4.
Nxd4 Nf6 5. Nc3 g6 6. Be3 Bg7 7. Be2 7... Bd7 {letzter Buchzug} 8. Qd2 Nc6 9.
O-O-O Rc8 10. Kb1 Ne5 11. f4 Neg4 12. Bg1 Rxc3 (12... O-O 13. h3 Nh6 14. g4 $16
) 13. Qxc3 $16 (13. bxc3 $143 13... Nxe4 14. Qe1 Qb6+ 15. Ka1 15... Qa5 $15)
13... Nxe4 14. Qf3 Ngf6 15. Bb5 (15. h3 15... O-O $16) 15... Bxb5 $14 16. Nxb5
Qa5 17. Qd3 a6 18. Na3 Qb4 19. c3 Qa4 20. Bd4 O-O 21. Rhe1 d5 22. h3 Rc8 23. g4
Nc5 (23... b5 24. Nc2 e6 25. f5 $16) 24. Qc2 Qxc2+ 25. Nxc2 e6 26. f5 Nfe4 27.
fxe6 fxe6 28. Nb4 a5 29. Nd3 Bxd4 30. cxd4 Nxd3 31. Rxd3 Rc4 32. Rc1 b5 (32...
Kf7 33. Rxc4 dxc4 34. Re3 $16) 33. b3 (33. Rxc4 $5 33... dxc4 34. Re3 $18)
33... Rxc1+ $16 34. Kxc1 b4 35. Rf3 Kg7 36. Kc2 g5 37. Rf1 Nc3 (37... Ng3 38.
Ra1 $16) 38. a3 (38. Kd3 38... Ne4 $16) 38... Nb5 (38... Ne2 39. Kd3 Nf4+ 40.
Ke3 Ng2+ 41. Kf3 Nh4+ 42. Ke2 $16) 39. axb4 Nxd4+ (39... axb4 $5 40. Kd3 40...
Nc3 $16) 40. Kd3 $18 40... Nxb3 $2 (40... Nc6 41. b5 Ne5+ 42. Kd4 42... Nd7 $18
) 41. b5 (41. Rb1 $18 $142) 41... e5 42. Rf5 Nc5+ 43. Kc2 Nd7 44. Rxg5+ Kf6 45.
Rh5 Kg6 46. Rf5 a4 47. h4 d4 48. h5+ Kg7 49. Kd3 a3 50. Rf2 Nc5+ 51. Kc4 Na4
52. Kb4 (52. Kb3 $142 52... Nb6 53. g5 $18) 52... a2 $2 (52... Nc3 $142 53. Rf1
53... a2 $18) 53. Rxa2 Nc3 54. Ra7+ Kh6 55. b6 (55. Rd7 $5 55... Nxb5 56. Kxb5
Kg5 57. Rxh7 57... Kxg4 $18) 55... Nd5+ 56. Kc5 Nxb6 57. Kxb6 d3 58. Rd7 e4 59.
Rd4 Kg5 (59... d2 60. Rxd2 Kg5 61. h6 $18) 60. Rxe4 d2 61. Rd4 d1=Q 62. Rxd1
Kxg4 63. Rd5 (63. Rd5 h6 64. Kc5 $18) 1-0

[Event "Bad Woerishofen op"]
[Site "?"]
[Date "2001.??.??"]
[Round "1"]
[White "Glek, Igor"]
[Black "Valent, Peter"]
[Result "1-0"]
[WhiteElo "2551"]
[BlackElo "2074"]
[Annotator "ChessOrg"]
[PlyCount "83"]
[EventDate "2000.??.??"]

1. e4 {B50: Sizilianisch (Verschiedenes mit 2...d6)} 1... c5 2. Nf3 d6 3. c3
Qa5 4. Bc4 4... Nf6 {letzter Buchzug} 5. Qe2 Bg4 6. e5 6... dxe5 $2 (6... d5
$11 $142) 7. Bxf7+ $1 $18 7... Kxf7 8. Nxe5+ Kg8 9. Nxg4 Qa6 10. Qxa6 Nxa6 11.
Ne5 Rd8 12. O-O g5 (12... Nc7 13. Na3 $16) 13. d3 $18 13... h6 14. a4 Nd7 15.
Ng6 Rh7 16. f4 g4 17. f5 Nf6 18. Ne5 Rd5 19. Re1 Nd7 20. Nxg4 Rxf5 21. Ne3 (21.
Na3 21... Rd5 $16) 21... Rg5 22. Na3 Ne5 23. Rd1 Rhg7 24. Nac4 R7g6 25. Nxe5
Rxe5 26. Nc4 Re2 27. g3 Nc7 (27... h5 28. Rf1 $16) 28. Be3 b6 29. Rd2 Rxd2 30.
Bxd2 h5 31. Re1 Re6 32. Rxe6 Nxe6 33. Kg2 Bg7 34. Kf3 Kf7 35. Ke4 Nc7 (35...
Bh8 36. Be3 $16) 36. Bf4 $18 36... Na6 37. Kd5 e5 38. Nxe5+ Ke7 39. Nc6+ Kd7
40. Nxa7 Bf6 41. Nb5 Bg7 42. h3 (42. h3 Bf6 43. g4 hxg4 44. hxg4 $18) 1-0

[Event "Bad Woerishofen op"]
[Site "Bad Woerishofen"]
[Date "2001.??.??"]
[Round "3"]
[White "Glek, Igor"]
[Black "Deglmann, Ludwig"]
[Result "1-0"]
[WhiteElo "2550"]
[BlackElo "2305"]
[Annotator "ChessOrg"]
[PlyCount "56"]
[EventDate "1998.03.05"]
[Source "ChessBase"]
[SourceDate "1998.04.29"]

1. e4 {C11: Franzoesische Verteidigung} 1... e6 2. d4 d5 3. Nc3 Nf6 4. Bg5 dxe4
5. Nxe4 Be7 6. Bxf6 gxf6 7. Nf3 b6 8. Bd3 Bb7 9. Qe2 Nd7 10. O-O-O c6 11. Kb1
Qc7 12. a3 {letzter Buchzug} 12... O-O-O 13. Ba6 Rhg8 14. g3 f5 15. Nc3 Bf6 16.
Bxb7+ Kxb7 17. Na2 h5 18. c4 h4 19. Nc3 (19. gxh4 19... Rg4 $14) 19... Rg4 (
19... h3 20. Rhe1 $11) 20. h3 $14 20... Rgg8 21. gxh4 Qf4 22. Ka2 c5 23. d5
Bxc3 24. bxc3 e5 25. Ng5 Rg7 26. Rhg1 Nf8 (26... Rdg8 $5 $11) 27. Rg3 $16 27...
e4 (27... Kc8 $5 $16 $142) 28. Nxe4 $18 28... Qe5 $4 (28... Rxg3 $142 29. Nxg3
29... Ng6 $18) 1-0

[Event "Bad Woerishofen op"]
[Site "Bad Woerishofen"]
[Date "2001.??.??"]
[Round "5"]
[White "Glek, Igor"]
[Black "Naumkin, Igor"]
[Result "1-0"]
[WhiteElo "2550"]
[BlackElo "2445"]
[Annotator "ChessOrg"]
[PlyCount "47"]
[EventDate "1998.03.05"]
[Source "ChessBase"]
[SourceDate "1998.04.29"]

1. e4 {C01: Franzoesische Verteidigung (Abtauschvariante)} 1... e6 2. d4 d5 3.
Nc3 Bb4 4. exd5 exd5 5. Bd3 Nc6 6. a3 Bxc3+ 7. bxc3 Nge7 8. Qh5 Be6 9. Rb1 b6
10. Nf3 10... Qd6 {letzter Buchzug} 11. Ng5 (11. Bxh7 $2 11... g6 12. Qh6 12...
Nf5 $19) 11... h6 12. Nxe6 Qxe6+ 13. Be3 O-O (13... Qd6 14. Ra1 $11) 14. O-O
Na5 15. Rbe1 Qf6 (15... Qd6 16. Bc1 $11) 16. Bc1 c6 (16... c5 17. dxc5 Rfe8 18.
Re3 bxc5 19. Rfe1 $16) 17. Re3 Nc4 (17... Ng6 $5 $14) 18. Rg3 $16 18... Kh8 19.
Re1 Ng8 20. Rf3 Qd6 21. Rxf7 Nf6 22. Qg6 Rxf7 23. Qxf7 23... Nxa3 $4 (23... Qf8
$142 24. Re7 24... a6 $16) 24. Re6 (24. Re6 Rf8 25. Rxd6 Rxf7 26. Bxa3 $18) (
24. Re7 $142 24... Qxe7 25. Qxe7 $18) 1-0

[Event "Bad Woerishofen op"]
[Site "Bad Woerishofen"]
[Date "2001.??.??"]
[Round "7"]
[White "Glek, Igor"]
[Black "Horvath, Peter"]
[Result "1-0"]
[WhiteElo "2551"]
[BlackElo "2396"]
[Annotator "ChessOrg"]
[PlyCount "81"]
[EventDate "1998.03.05"]
[Source "ChessBase"]
[SourceDate "1998.04.29"]

1. e4 {B30: Sizilianisch (Rossolimo-Variante)} 1... c5 2. Nf3 Nc6 3. Bb5 e6 4.
O-O Nge7 5. Re1 Nd4 6. Nxd4 cxd4 7. d3 a6 8. Ba4 Nc6 9. c4 {letzter Buchzug}
9... Rb8 10. Bf4 d6 11. c5 (11. Bg3 $5 $11) 11... e5 $15 12. Bg3 Qc7 13. Nd2
dxc5 14. Bxc6+ Qxc6 (14... bxc6 15. Qh5 Rxb2 16. Nc4 $11) 15. Bxe5 Bd6 16. Bxd6
(16. Bxg7 $143 16... Rg8 17. Bf6 Bxh2+ 18. Kxh2 18... Qxf6 $17) 16... Qxd6 17.
e5 Qd5 18. Ne4 O-O 19. f4 b5 20. Qf3 Kh8 21. Qg3 c4 22. Nd6 c3 23. f5 cxb2 24.
Rab1 Qxa2 25. e6 Bxe6 (25... Qxe6 26. fxe6) 26. fxe6 fxe6 27. Qe5 Qd5 28. Qxe6
Qxe6 29. Rxe6 Kg8 (29... a5 30. Rxb2 b4 31. Nc4 $14) 30. Ree1 (30. Rxb2 $5
30... Rb6 31. Rb4 $16) 30... Rb6 $11 31. Ne4 a5 32. Rxb2 Ra8 33. Ra1 b4 34. Ra4
Kf7 35. Nc5 Rb5 36. Nb3 Rd5 37. Rba2 Rc8 38. Rxa5 Rxa5 39. Rxa5 Rc3 40. Nxd4
Rxd3 41. Nf3 (41. Nf3 Rb3 42. Ra2 $18) 1-0

[Event "Bad Woerishofen op"]
[Site "Bad Woerishofen"]
[Date "2001.??.??"]
[Round "9"]
[White "Glek, Igor"]
[Black "Aleksandrov, Alexei"]
[Result "0-1"]
[WhiteElo "2551"]
[BlackElo "2610"]
[Annotator "ChessOrg"]
[PlyCount "74"]
[EventDate "1998.03.05"]
[Source "ChessBase"]
[SourceDate "1998.04.29"]

1. e4 {C65: Spanische Partie (Berliner-Verteidigung)} 1... e5 2. Nf3 Nc6 3. Bb5
Nf6 4. Qe2 Bc5 5. c3 O-O 6. d3 d6 7. Bg5 Bb6 8. Nbd2 8... Ne7 {letzter Buchzug}
9. Bxf6 gxf6 10. O-O-O Kh8 11. Nh4 (11. d4 c6 12. Bc4 12... d5 $14) 11... Rg8
12. Rdf1 (12. Qf3 Ng6 13. Nxg6+ 13... fxg6 $11 (13... hxg6 $143 14. h4 $16))
12... Qf8 13. Bc4 Qh6 14. g3 Bh3 15. Bxf7 Rgf8 16. Bb3 Bxf1 17. Rxf1 f5 18. Kb1
fxe4 19. dxe4 Rf6 20. Nc4 (20. h3 20... a5 $11) 20... Bc5 $15 21. a4 (21. Nf3
Raf8 22. Ncd2 22... Qh5 $17) 21... a6 $17 22. a5 b5 23. axb6 cxb6 24. f4 b5 25.
Ne3 Bxe3 26. Qxe3 Raf8 27. Qa7 Qg7 28. Ng2 Rh6 29. f5 (29. Rh1 b4 30. cxb4
30... Nc6 $11) 29... d5 30. Ne3 dxe4 31. g4 Nc6 (31... Rxh2 $4 32. f6 Rxf6 33.
Qb8+ Qf8 34. Qxf8+ Rxf8 35. Rxf8+ Kg7 36. Rf7+ Kg6 37. Rxe7 Rh1+ 38. Kc2 $18)
32. Qc5 Qe7 33. Qd5 b4 34. cxb4 (34. Ba4 Rc8 35. cxb4 35... Nd4 $15 (35... Qxb4
36. Bxc6 Rhxc6 37. Qxe5+ Kg8 38. f6 $18)) 34... Qxb4 (34... Nxb4 $6 35. Qxe4
Nc6 36. Be6 $15) 35. Rc1 (35. Nc2 $5 $142 35... Qb5 36. Qxb5 axb5 37. Bd5 $17)
35... Rd6 $19 36. Qc4 Rd3 (36... Rb8 37. Qxb4 Nxb4 38. Nc4 $19) 37. Qxb4 (37.
Qxc6 $5 37... Rxb3 38. Nc4 $17) 37... Nxb4 (37... Nxb4 38. Rc3 38... Rd2 $17)
0-1

[Event "Bad Woerishofen op"]
[Site "Bad Woerishofen"]
[Date "2001.??.??"]
[Round "2"]
[White "Gossmann, Ewald"]
[Black "Neumann, Peter"]
[Result "0-1"]
[WhiteElo "2014"]
[BlackElo "1769"]
[Annotator "ChessOrg"]
[PlyCount "100"]
[EventDate "1998.03.05"]
[Source "ChessBase"]
[SourceDate "1998.04.29"]

1. d4 {A52: Budapester Gambit (Hauptvariante)} 1... Nf6 2. c4 e5 3. dxe5 Ng4 4.
Nf3 Bc5 5. e3 Nc6 6. Nc3 Ngxe5 7. Be2 O-O 8. O-O 8... d6 {letzter Buchzug} 9.
b3 a6 10. Bb2 Nxf3+ 11. Bxf3 Ne5 12. Be2 Bf5 13. Qd2 Qh4 14. Nd5 c6 15. g3 Qd8
16. Nc3 Ng4 (16... Re8 17. a3 $15) 17. Bxg4 (17. Na4 17... Ba7 $14) 17... Bxg4
18. Ne4 Qb6 19. Nxc5 Qxc5 20. f3 Bh5 21. Bd4 Qg5 22. b4 (22. Bb6 $5 $14) 22...
c5 $11 23. f4 (23. Bc3 23... b5 $11) 23... Qe7 $15 24. Bc3 Rad8 25. Rfe1 Qe4
26. Qd5 Qxd5 27. cxd5 Bf3 28. e4 Rfe8 29. Re3 Bxe4 30. Rae1 f5 31. g4 Kf7 32.
gxf5 Bxd5 33. Rxe8 Rxe8 34. Rxe8 Kxe8 35. a3 c4 (35... Kf7 36. bxc5 dxc5 37.
Kf2 $17) 36. Bxg7 $11 36... Be4 37. Kf2 Bxf5 38. Ke3 Kf7 39. Bc3 Ke6 40. Kd4 b5
41. Be1 Bh3 42. Bh4 Bg2 43. Bg3 Kf5 44. Ke3 h5 45. Be1 Kg4 46. Bd2 Kh3 47. f5
Kxh2 48. f6 (48. Kd4 $5 48... Bc6 49. f6 $15) 48... Bd5 $17 49. Kf4 $2 (49. Be1
$5 $17 $142) 49... h4 $19 50. Kg5 $2 (50. f7 Bxf7 51. Kf3 $19) 50... h3 (50...
h3 51. f7 Bxf7 52. Bf4+ 52... Kg2 $19) 0-1